000 00550nam a22001697a 4500
005 20251108164715.0
008 250721s1989 xx 000 0 ara d
082 1 4 _a614.073/عام
245 1 0 _aعامل صحة المجتمع :
_bدليل عملي /
246 1 1 _aThe community health worker
264 1 _aالإسكندريه :
_bالمكتب الإقليمي لشرق البحر المتوسط،
_c1989.
300 _a463ص
650 1 7 _aالصحة العامة
650 1 7 _aالرعاية الصحية
942 _2ddc
_cBK
999 _c12345
_d12345